नारद भक्ति दर्शन* देवर्षि नारद रचित भक्ति सूत्र, अखडानन्द स्वामी द्वारा व्या (Record no. 307842)
[ view plain ]
| 000 -LEADER | |
|---|---|
| fixed length control field | 00880nam a2200229Ia 4500 |
| 003 - CONTROL NUMBER IDENTIFIER | |
| control field | OSt |
| 005 - DATE AND TIME OF LATEST TRANSACTION | |
| control field | 20220923212321.0 |
| 008 - FIXED-LENGTH DATA ELEMENTS--GENERAL INFORMATION | |
| fixed length control field | 220922b |||||||| |||| 00| 0 hin d |
| 037 ## - SOURCE OF ACQUISITION | |
| Terms of availability | Textual |
| 040 ## - CATALOGING SOURCE | |
| Original cataloging agency | ARTS |
| Transcribing agency | ARTS |
| Language of cataloging | hin |
| 041 ## - LANGUAGE CODE | |
| Source of code | hin |
| Language code of text/sound track or separate title | hin |
| 245 #0 - TITLE STATEMENT | |
| Title | नारद भक्ति दर्शन* देवर्षि नारद रचित भक्ति सूत्र, अखडानन्द स्वामी द्वारा व्या |
| 246 ## - VARYING FORM OF TITLE | |
| Title proper/short title | Nārad bhakti darshana: devarṣhi nārad rachit bhakti sūtra, akhaḍānanda swāmī dvārā vyā |
| 260 ## - PUBLICATION, DISTRIBUTION, ETC. | |
| Date of publication, distribution, etc. | 1965 |
| 490 ## - SERIES STATEMENT | |
| Series statement | सत्साहित्य प्रकाशन ट्रस्ट; 10 |
| 942 ## - ADDED ENTRY ELEMENTS (KOHA) | |
| Classification part | /\25x1:1, 152K5;1 |
| Koha item type | Textual |
| Source of classification or shelving scheme | Colon Classification (CC) |
| Withdrawn status | Lost status | Damaged status | Not for loan | Home library | Current library | Date acquired | Total Checkouts | Full call number | Barcode | Date last seen | Price effective from | Koha item type |
|---|---|---|---|---|---|---|---|---|---|---|---|---|
| Arts Library | Arts Library | 2022-09-23 | /\25x1:1 152K5;1 | AL0224811 | 2022-09-23 | 2022-09-23 | Textual |
